[Event "Olympiad Women-38"]
[Site "Dresden"]
[Date "2008.11.22"]
[Round "9"]
[White "Klek, Hanna Marie"]
[Black "Monhchuluun, Cegmed"]
[Result "0-1"]
[WhiteElo "2004"]
[BlackElo "1969"]
[PlyCount "164"]
[EventDate "2008.11.13"]
[EventType "team-swiss"]
[EventRounds "11"]
[EventCountry "GER"]
[SourceTitle "CBM 128"]
[Source "ChessBase"]
[SourceDate "2009.01.28"]
[SourceVersion "1"]
[SourceVersionDate "2009.01.28"]
[SourceQuality "1"]
[WhiteTeam "Germany (W) II"]
[BlackTeam "Mongolia (W)"]
[WhiteTeamCountry "GER"]
[BlackTeamCountry "MGL"]

1. e4 e6 2. d3 d5 3. Nd2 c5 4. g3 Bd6 5. Bg2 Ne7 6. Ngf3 Nbc6 7. 0-0 0-0 8. Re1 Qc7 9. Qe2 f6 10. Nf1 Bd7 11. c3 Rfe8 12. Ne3 Ng6 13. Qc2 Nce7 14. Bd2 Kh8 15. Rad1 Bc6 16. Bc1 b5 17. h4 f5 18. h5 Nf8 19. e5 Bxe5 20. Nxe5 Qxe5 21. Nxd5 Qb8 22. Nxe7 Bxg2 23. Kxg2 Rxe7 24. Bf4 e5 25. Bg5 Re8 26. h6 Ne6 27. hxg7+ Kxg7 28. Qd2 Kg6 29. Bh4 Qd6 30. Qe3 Ng7 31. Rh1 Qd5+ 32. f3 h6 33. b3 a6 34. Rhg1 Re6 35. Kf2 Kf7 36. Rge1 Ra7 37. Rd2 Rd7 38. Red1 Red6 39. Ke1 b4 40. c4 Qd4 41. Ke2 Qxe3+ 42. Kxe3 f4+ 43. Ke2 Nf5 44. Rg1 Rg6 45. Kf2 Ke6 46. g4 Nxh4 47. Rh1 Nxf3 48. Kxf3 Rd4 49. Rdd1 Kf7 50. Rhg1 Rg5 51. Ke2 h5 52. gxh5 Rxh5 53. Rh1 Rf5 54. Rh3 Rf6 55. Rg1 Ke6 56. Rg8 Kf7 57. Rg1 e4 58. dxe4 Rxe4+ 59. Kf2 Rd4 60. Rh7+ Ke6 61. Re1+ Kd6 62. Re2 f3 63. Rc2 Rg4 64. Rd2+ Ke5 65. Rh2 Kf4 66. Rd8 Ke4 67. Rd5 Rfg6 68. Rxc5 Rg2+ 69. Rxg2 Rxg2+ 70. Kf1 Rxa2 71. Rc6 Ra3 72. Rf6 a5 73. Ra6 Ke3 74. Re6+ Kd4 75. Ra6 Rxb3 76. Rxa5 Kxc4 77. Kf2 Rc3 78. Ra8 Kb3 79. Rb8 Ka3 80. Ra8+ Kb2 81. Rb8 b3 82. Rb7 Kc2 0-1

[Event "Olympiad Women-38"]
[Site "Dresden"]
[Date "2008.11.17"]
[Round "5"]
[White "Monhchuluun, Cegmed"]
[Black "Skinke, Katrina"]
[Result "1-0"]
[WhiteElo "1969"]
[BlackElo "2186"]
[PlyCount "93"]
[EventDate "2008.11.13"]
[EventType "team-swiss"]
[EventRounds "11"]
[EventCountry "GER"]
[SourceTitle "CBM 128"]
[Source "ChessBase"]
[SourceDate "2009.01.28"]
[SourceVersion "1"]
[SourceVersionDate "2009.01.28"]
[SourceQuality "1"]
[WhiteTeam "Mongolia (W)"]
[BlackTeam "Latvia (W)"]
[WhiteTeamCountry "MGL"]
[BlackTeamCountry "LAT"]

1. d4 Nf6 2. c4 g6 3. g3 Bg7 4. Bg2 d6 5. e4 c5 6. d5 0-0 7. Ne2 a6 8. Nbc3 e6 9. dxe6 fxe6 10. h3 Nc6 11. Bf4 Ne8 12. Be3 Nc7 13. 0-0 e5 14. Nd5 Ne6 15. Qd2 b5 16. b4 bxc4 17. bxc5 dxc5 18. Rfc1 Ncd4 19. Rxc4 Rf7 20. Bxd4 exd4 21. Nef4 Nxf4 22. Nxf4 g5 23. Nd3 Be6 24. Rxc5 h6 25. Rb1 Rc8 26. Rxc8 Qxc8 27. Kh2 Qc3 28. Rb2 Rc7 29. Ne1 a5 30. f4 gxf4 31. gxf4 Kh7 32. Rc2 Qxd2 33. Rxd2 Rc3 34. e5 Ra3 35. Be4+ Kg8 36. Rxd4 Rxa2+ 37. Kg3 a4 38. Nd3 Ra3 39. Bd5 Kf7 40. Bxe6+ Kxe6 41. Kg4 Ra1 42. Nc5+ Kf7 43. Rxa4 Rg1+ 44. Kf5 Bf8 45. Ne4 Re1 46. Ra7+ Kg8 47. Nf6+ 1-0

[Event "Olympiad Women-38"]
[Site "Dresden"]
[Date "2008.11.14"]
[Round "2"]
[White "Monhchuluun, Cegmed"]
[Black "Klimets, Elena"]
[Result "1/2-1/2"]
[WhiteElo "1969"]
[BlackElo "2129"]
[PlyCount "85"]
[EventDate "2008.11.13"]
[EventType "team-swiss"]
[EventRounds "11"]
[EventCountry "GER"]
[SourceTitle "CBM 128"]
[Source "ChessBase"]
[SourceDate "2009.01.28"]
[SourceVersion "1"]
[SourceVersionDate "2009.01.28"]
[SourceQuality "1"]
[WhiteTeam "Mongolia (W)"]
[BlackTeam "Belarus (W)"]
[WhiteTeamCountry "MGL"]
[BlackTeamCountry "BLR"]

1. d4 d6 2. c4 e5 3. dxe5 dxe5 4. Qxd8+ Kxd8 5. Nc3 c6 6. Nf3 f6 7. a3 Be6 8. e3 a5 9. b3 Nd7 10. Bb2 Kc7 11. Bd3 Ne7 12. Bc2 Nc8 13. Rc1 Ncb6 14. a4 Nc5 15. Nd2 Be7 16. Nce4 Na6 17. 0-0 Nd7 18. Bb1 Rad8 19. Rfd1 Bb4 20. h3 Ndc5 21. Bc2 Rd7 22. Nxc5 Nxc5 23. Ne4 Rxd1+ 24. Rxd1 Nxe4 25. Bxe4 b5 26. cxb5 Bxb3 27. Rc1 c5 28. Bc3 Kb6 29. Bc2 Bxc2 30. Rxc2 Rd8 31. Bb2 Rd1+ 32. Kh2 Rd2 33. Rxd2 Bxd2 34. f4 e4 35. Kg3 Bxe3 36. f5 Bd2 37. Kf2 c4 38. Bd4+ Kb7 39. Ke2 Bf4 40. Bc3 Kb6 41. Bd4+ Kb7 42. Bc3 Kb6 43. Bd4+ 1/2-1/2

[Event "Wch U18 Girls"]
[Site "Vung Tau"]
[Date "2008.10.28"]
[Round "9"]
[White "Monhchuluun, Cegmed"]
[Black "Shlakich, Anna"]
[Result "0-1"]
[WhiteElo "1969"]
[BlackElo "2203"]
[PlyCount "164"]
[EventDate "2008.10.20"]
[EventType "swiss"]
[EventRounds "11"]
[EventCountry "VIE"]
[SourceTitle "EXT 2009"]
[Source "ChessBase"]
[SourceDate "2008.11.26"]
[SourceVersion "1"]
[SourceVersionDate "2008.11.26"]
[SourceQuality "1"]

1. d4 d5 2. c4 c6 3. Nc3 Nf6 4. Nf3 a6 5. cxd5 cxd5 6. Qb3 Nc6 7. Bg5 e6 8. e3 Be7 9. Rc1 Bd7 10. Bd3 b5 11. 0-0 0-0 12. Bb1 h6 13. Bh4 Rc8 14. Qd1 Na5 15. Ne5 g5 16. Bg3 b4 17. Ne2 Rxc1 18. Nxc1 Bb5 19. Bd3 Nc4 20. Qe2 Nd6 21. Ng4 Nxg4 22. Qxg4 Ne4 23. Bxb5 axb5 24. Qe2 Qd7 25. Nd3 Ra8 26. Ne5 Qe8 27. Qh5 Bf8 28. Ng4 f5 29. Nxh6+ Bxh6 30. Qxh6 Ra7 31. f3 Rh7 32. Qxh7+ Kxh7 33. fxe4 Qc8 34. exd5 exd5 35. a3 b3 36. Be1 Qc1 37. Bc3 Qxe3+ 38. Kh1 f4 39. h3 Kg6 40. Re1 Qd3 41. Kg1 f3 42. Kf2 fxg2 43. Kxg2 Qc2+ 44. Kg3 Qf5 45. Kg2 Qf4 46. Rf1 Qe4+ 47. Kg3 Qe3+ 48. Kg2 Qe7 49. Re1 Qd7 50. Re5 Qc7 51. Kg3 Qc4 52. Kg4 Qc8+ 53. Kg3 Qh8 54. Kg2 Qh4 55. Re3 Qf4 56. Re5 Kf6 57. Re2 Qc1 58. Rd2 Kf5 59. Re2 Qd1 60. Kf2 Qh1 61. Re5+ Kg6 62. Re3 Qh2+ 63. Kf1 Kf5 64. Ke1 Qg1+ 65. Kd2 Qg2+ 66. Ke1 Qc2 67. Kf1 Kf4 68. Re2 Qd3 69. Ke1 Qg3+ 70. Kd1 Qxh3 71. Bd2+ Kg4 72. Re3 Qf1+ 73. Be1 Qc4 74. Bc3 Kf4 75. Bd2 Kg4 76. Bc3 Kh5 77. Re5 Qd3+ 78. Bd2 Kg4 79. Re3 Qb1+ 80. Ke2 Qxb2 81. Rc3 Qxa3 82. Kf2 Qa2 0-1

[Event "Wch U18 Girls"]
[Site "Vung Tau"]
[Date "2008.10.21"]
[Round "2"]
[White "Monhchuluun, Cegmed"]
[Black "Laurusaite, Brigita"]
[Result "1-0"]
[WhiteElo "1969"]
[BlackElo "2058"]
[PlyCount "109"]
[EventDate "2008.10.20"]
[EventType "swiss"]
[EventRounds "11"]
[EventCountry "VIE"]
[SourceTitle "EXT 2009"]
[Source "ChessBase"]
[SourceDate "2008.11.26"]
[SourceVersion "1"]
[SourceVersionDate "2008.11.26"]
[SourceQuality "1"]

1. d4 d5 2. c4 dxc4 3. Nc3 e6 4. Nf3 a6 5. a4 Nf6 6. Bg5 Be7 7. e3 h6 8. Bh4 c5 9. Bxc4 Nc6 10. dxc5 Qxd1+ 11. Rxd1 Bxc5 12. Bxf6 gxf6 13. Ne4 Bb4+ 14. Ke2 Ke7 15. Nd4 Ne5 16. Bb3 f5 17. Nd2 Bd7 18. N2f3 Nxf3 19. Nxf3 Bc6 20. Ne5 Be8 21. Rc1 Kf6 22. f4 b5 23. axb5 Bxb5+ 24. Bc4 Bxc4+ 25. Rxc4 Bd6 26. Nc6 Rhc8 27. Rd1 Bb8 28. Rd7 Kg7 29. Kd3 Kf8 30. Na5 Rxc4 31. Nxc4 Ba7 32. Ne5 Ke8 33. Rxf7 Rd8+ 34. Ke2 Bc5 35. Rf6 Rd6 36. Rxh6 Rb6 37. Nc4 Rb4 38. Kd3 Kd7 39. Rh7+ Kc6 40. Kc3 Rb8 41. Ne5+ Kd5 42. Nd7 Rb5 43. Nxc5 Rxc5+ 44. Kd3 Rb5 45. Rd7+ Kc6 46. Ra7 a5 47. Kc4 Rxb2 48. Rxa5 Rxg2 49. Kd4 Kd6 50. Ra6+ Kd7 51. Ke5 Rg6 52. Ra7+ Ke8 53. Rh7 Kf8 54. Kd6 Rg8 55. Re7 1-0